000
00318nam a22001337a 4500
020
_a
817826362-9
082
_a
823
_b
ROH/K
100
_a
ROHAN BOOK COMPANY
245
_a
THE KING WITH THE MAGIC TOUCH
260
_a
DELHI
_b
ROHAN BOOK COMPANY
_c
2003
300
_a
222
650
_a
MODERN ILLUSTRATED CLASSICS
942
_c
BK
999
_c
329
_d
329